000 00652nam a22002177a 4500
003 BD-DhJNU
005 20250810044549.0
008 250810b |||||||| |||| 00| 0 eng d
020 _a0333370600
040 _aBD-DhJNU
_bENG
_cBD-DhJNU
_dBD-DhJNU
082 _223
_a960.32 CON
100 _aCoker, Christopher
245 _aNATO, the Warsaw Pact, and Africa /
_cChristopher Coker
260 _aNew York :
_bSt. Martin's Press,
_c1985.
300 _axi, 302p. :
_bill. ;
_c23 cm.
504 _aIncludes bibliographical references and index
650 _aForeign Policy
650 _aDeference Agreements
650 _aNATO
942 _2ddc
_cBK
_n0
999 _c1974
_d1974